Cvičení a příklady z ekonomiky mezinárodního obchodu
Saved in:
| Main Author: | |
|---|---|
| Format: | Book |
| Language: | Czech |
| Published: |
Praha
Nakladatelství Fortuna
1998
|
| Subjects: | |
| Tags: |
No Tags, Be the first to tag this record!
|
MARC
| LEADER | 00000nam$a2200000$$$4500 | ||
|---|---|---|---|
| 001 | 0112639 | ||
| 005 | 20240226104042.7 | ||
| 020 | |a 80-7168-569-0 | ||
| 041 | 0 | |a cze | |
| 044 | |a CZ | ||
| 245 | 1 | 0 | |a Cvičení a příklady z ekonomiky mezinárodního obchodu |c Petr Klínský |
| 264 | 1 | |a Praha |b Nakladatelství Fortuna |c 1998 | |
| 300 | |a 125 s. | ||
| 610 | 2 | 0 | |a obchod medzinárodný |
| 610 | 2 | 0 | |a obchod zahraničný |
| 610 | 2 | 0 | |a politika menová |
| 610 | 2 | 0 | |a podnik obchodný |
| 610 | 2 | 0 | |a marketing medzinárodný |
| 610 | 2 | 0 | |a zmluvy kúpne |
| 610 | 2 | 0 | |a vývoz |
| 610 | 2 | 0 | |a dovoz |
| 100 | 1 | |a Klínský, Petr | |